000 00717nam a2200253Ia 4500
008 200601s9999 xx 000 0 und d
020 _a981-261-135-5
050 _aREF DS 896.5
050 _b.Y67 2005
100 _aYoshida, Yuko Morimoto -
245 0 _aCultureshock! :
245 0 _bTokyo /
245 0 _cYuko Morimoto-Yoshida.
260 _aSingapore :
260 _bMarshall Cavendish Editions,
260 _c2005
300 _a300 pages :
300 _billustrations (some color) ;
300 _c22 cm.
440 _aCultureshock!
500 _aIncludes bibliographical references and index.
650 _aEtiquette -- Japan -- Tokyo.
650 _x(Tokyo) Japan -- Social life and customs.
999 _c363313
_d363313